000 00420nam a2200157 i 4500
001 78154
003 ES-MaACL
005 20230906173551.0
007 t|
008 041011s1919 fr ||||1| fre d
100 1 _aHanotaux, Gabriel.
_961744
245 1 0 _aDe l'Histoire et des historiens /
_cGabriel Hanotaux.
260 _aParis :
_bG. de Malherbe,
_c1919.
300 _a150 p. ;
_c22 cm.
852 _aES-MaACL
_jF-1813
999 _c78154
_d78154